00573nam a22001817a 450000500170000001000150001702000270003203500140005903700130007308200150008610000180010124500870011926000400020627000440024630000310029050000510032170000190037220161205154900.0 aENG-116739 a9788184846096c1880.00 aEN-100271 bDBAD/PUB a344.540411 aPradeep Kumar aMedical negligence and consumer law /cby Pradeep kumar ; foreword by Priti Saxena aNew DelhibRegal Publicationsc2017 aF-159 Rajouri GardenbNew Delhie110027 aviii,210p.:c23cm(Hb)bill aIncludes bibliographical references and index aSaxena, Priti